Obálka Náhled e-knihy:
PDF Epub
Pro půjčování e-knih musíte být přihlášeni.
Jak si půjčit online?

Zrcadlo /

Básnická sbírka o životě, smutku, osamělosti a smrti, která vás nechá nahlédnout na svět z odlišného pohledu.

Uloženo v:
Hlavní autor: Zatloukalová, Kristýna Marika, 2003- (Autor)
Médium: E-kniha
Jazyk:Czech
Vydáno: V Praze : Pointa, 2023
Vydání:První vydání
Témata:
Tagy:
Žádné tagy
LEADER 02127nam a2200373 i 4500
001 312140
003 CZ PrSKC
005 20260601215717.0
007 ta
008 231009s2023 xr a g 000 p cze
015 |a cnb003551189 
020 |a 9788076912304  |q (brožováno) :  |c Kč 229,00 
035 |a (OCoLC)1408816950 
040 |a ABG001  |b cze  |e rda 
072 7 |a 821.162.3-1  |x Česká poezie  |2 Konspekt 
080 |a 821.162.3-1  |2 MRF 
080 |a (0:82-1)  |2 MRF 
100 1 |a Zatloukalová, Kristýna Marika,  |d 2003-  |7 xx0308188  |4 aut 
245 1 0 |a Zrcadlo /  |c Kristýna Marika Zatloukalová 
250 |a První vydání 
264 1 |a V Praze :  |b Pointa,  |c 2023 
300 |a 73 stran :  |b ilustrace ;  |c 20 cm 
336 |a text  |b txt  |2 rdacontent 
337 |a bez média  |b n  |2 rdamedia 
338 |a svazek  |b nc  |2 rdacarrier 
520 2 |a Básnická sbírka o životě, smutku, osamělosti a smrti, která vás nechá nahlédnout na svět z odlišného pohledu.  |b Je až zajímavé, kolik bolesti v sobě taková lidská duše má, a ještě zajímavější je, k čemu všemu dokáže člověka donutit a také jej i změnit. Samozřejmě na bolest každý pohlíží z jiné stránky dle vlastních zkušeností. Může se jednat o bolest fyzickou anebo v horším případě duševní. Tak či tak se dá říct, že i přes veškeré rozdíly je bolest vždy stejná v tom, že se od dané duše odráží jako světlo v zrcadle, a právě tyto odrazy se básnická sbírka snaží zachytit. Nakladatelská anotace. 
655 7 |a česká poezie  |7 fd133958  |2 czenas 
655 9 |a Czech poetry  |2 eczenas 
900 |a ABA001  |b 19 
928 9 |a Albatros Media - Pointa 
044 |a xr 
910 |a RBIT002 
998 |d 389042  |a https://core.palmknihy.cz/api/books/389042/cover?si7wwi  |b https://core.palmknihy.cz/api/books/389042/cover/400?si7wwi  |c https://core.palmknihy.cz/api/books/389042/cover/50?si7wwi  |e 2028-01-18  |g 80  |i 9788076912304  |j https://core.palmknihy.cz/api/books/389042/preview.epub  |k https://core.palmknihy.cz/api/books/389042/preview.pdf  |l   |q 49  |r 1  |s https://www.palmknihy.cz/kniha/389042  |t ebook  |y 2023  |z 0 
999 |d 312138